El equilibrio sexual / (Record no. 52150)

MARC details
000 -LEADER
campo de control de longitud fija 00514nam a2200181 i 4500
001 - NÚMERO DE CONTROL
campo de control 52150
003 - IDENTIFICADOR DE NÚMERO DE CONTROL
campo de control ES-MaACL
005 - FECHA Y HORA DE LA ÚLTIMA TRANSACCIÓN
campo de control 20230906162530.0
007 - CAMPO FIJO DE DESCRIPCIÓN FÍSICA--INFORMACIÓN GENERAL
campo de control de longitud fija t|
008 - DATOS DE LONGITUD FIJA--INFORMACIÓN GENERAL
campo de control de longitud fija 030826s1964 sp ||||1| spa d
100 1# - ENTRADA PRINCIPAL--NOMBRE DE PERSONA
Nombre de persona Chauchard, Paul.
9 (RLIN) 38194
245 13 - MENCIÓN DEL TÍTULO
Título El equilibrio sexual /
Mención de responsabilidad, etc. Paul Chauchard ; [traducción por Armina Serna].
250 ## - MENCION DE EDICION
Mención de edición [1ª ed.].
260 ## - PUBLICACIÓN, DISTRIBUCIÓN, ETC.
Lugar de publicación, distribución, etc. Barcelona :
Nombre del editor, distribuidor, etc. Fontanella,
Fecha de publicación, distribución, etc. 1964.
300 ## - DESCRIPCIÓN FÍSICA
Extensión 78 p. ;
Dimensiones 18 cm.
700 1# - ENTRADA AGREGADA--NOMBRE PERSONAL
Nombre de persona Serna, Armina.
9 (RLIN) 105563
852 ## - LOCALIZACIÓN
Ubicación ES-MaACL
Número de control de estantería C-26924
Sublocalización o colección R.55758
Holdings
Estatus retirado Estado de pérdida Estado de daño No para préstamo Biblioteca de origen Biblioteca actual Ubicación en estantería Fecha de adquisición Fuente de adquisición Total de préstamos Signatura topográfica completa Código de barras Visto por última vez Precio de reemplazo Tipo de ítem Koha
        Biblioteca del Ateneo de Madrid Biblioteca del Ateneo de Madrid Depósito 2 17/01/2008     C-26924 1054825 23/02/2023 23/02/2023 Libro impreso